[Event "4NCL/Div4/BCA vs. MONM"]
[Site "West Bromwich ENG"]
[Date "2005.11.06"]
[Round "2.3"]
[White "Hilton, Steve"]
[Black "Beveridge, Nigel K"]
[Result "0-1"]
[WhiteElo "2045"]
[BlackElo "2050"]
[PlyCount "92"]
[EventDate "2005.11.06"]
[SourceDate "2005.10.25"]

1. d4 Nf6 2. c4 e6 3. Nf3 c5 4. d5 exd5 5. cxd5 d6 6. Nc3 g6 7. Nd2 a6 8. a4
Nbd7 9. e4 Bg7 10. Be2 O-O 11. O-O Qc7 12. f4 Re8 13. Bf3 Rb8 14. a5 b5 15.
axb6 Nxb6 16. Re1 Bb7 17. g4 Nfd7 18. Nf1 c4 19. Be3 Nc5 20. Bxc5 Qxc5+ 21. Kg2
Qb4 22. Qd2 Nd7 23. Na4 Bc8 24. Re2 a5 25. Ne3 Ba6 26. Rf2 Bb5 27. Nc2 Qxd2 28.
Rxd2 Bxa4 29. Rxa4 Rxb2 30. Rxc4 g5 31. Rc7 Rd8 32. fxg5 Ne5 33. Bd1 Rdb8 34.
Rf2 R2b7 35. Rxb7 Rxb7 36. Ne3 Rb4 37. Bf3 Nd3 38. Rf1 Nc5 39. Be2 Nxe4 40. Nc4
a4 41. Bd3 Nc3 42. Rf2 a3 43. Rf1 a2 44. Na3 Nb1 45. Nc2 Rb2 46. Kf3 Nd2+ 0-1

[Event "4NCL/Div4/BCA vs. MONM"]
[Site "West Bromwich ENG"]
[Date "2005.11.06"]
[Round "2.4"]
[White "Thomas, Jac"]
[Black "Burnell, Steve"]
[Result "1/2-1/2"]
[WhiteElo "2020"]
[BlackElo "1960"]
[PlyCount "97"]
[EventDate "2005.11.06"]
[SourceDate "2005.10.25"]

1. e4 c6 2. d4 d5 3. f3 dxe4 4. fxe4 e5 5. Nf3 Be6 6. c3 Nd7 7. Bd3 Bd6 8. O-O
h6 9. Be3 Ngf6 10. c4 Ng4 11. Bc1 exd4 12. h3 Nge5 13. b3 c5 14. Bf4 Qc7 15.
Nxe5 Bxe5 16. Bxe5 Nxe5 17. Qe2 O-O 18. Nd2 Qe7 19. Nf3 Nxf3+ 20. Rxf3 Qg5 21.
Raf1 Qe5 22. g4 a5 23. Qg2 a4 24. g5 hxg5 25. Rf5 Bxf5 26. Rxf5 Qe7 27. Rxg5 f6
28. Rh5 g6 29. e5 f5 30. Bxf5 Rxf5 31. Rxf5 Ra6 32. Rg5 Kg7 33. h4 Kh6 34. bxa4
Qe6 35. Qd5 Rc6 36. Qxe6 Rxe6 37. a5 Ra6 38. e6 Rxe6 39. Rxc5 Rd6 40. Kf1 d3
41. Rd5 Rc6 42. c5 Ra6 43. c6 Rxc6 44. Rxd3 Rc1+ 45. Ke2 Rc2+ 46. Kf3 Rxa2 47.
Rd5 Ra4 48. Kg3 Ra3+ 49. Kg4 1/2-1/2

[Event "4NCL/Div4/BCA vs. MONM"]
[Site "West Bromwich ENG"]
[Date "2005.11.06"]
[Round "2.5"]
[White "Armstrong, William G"]
[Black "Waterfield, John"]
[Result "1/2-1/2"]
[WhiteElo "1985"]
[BlackElo "2035"]
[PlyCount "69"]
[EventDate "2005.11.06"]
[SourceDate "2005.10.25"]

1. d4 Nf6 2. Nc3 g6 3. e4 d6 4. f4 Bg7 5. Be2 c5 6. dxc5 Qa5 7. Kf2 Qxc5+ 8.
Be3 Qc7 9. Bf3 Nc6 10. h3 h5 11. Nge2 O-O 12. a3 a6 13. Qg1 e5 14. g4 exf4 15.
Nxf4 Ne5 16. g5 Nxf3 17. Kxf3 Nd7 18. Nfd5 Qd8 19. Ke2 b5 20. Rd1 Bb7 21. Bd4
Bxd4 22. Rxd4 Rc8 23. Kd1 Kh7 24. Qg3 Ne5 25. Nf6+ Kg7 26. Kc1 Rc4 27. Rhd1
Rxd4 28. Rxd4 Qb6 29. Rd1 Rc8 30. Qg1 Qxg1 31. Rxg1 Nf3 32. Rg3 Nxg5 33. Nxh5+
Kh6 34. Nf6 Kg7 35. Nh5+ 1/2-1/2

[Event "4NCL/Div4/BCA vs. MONM"]
[Site "West Bromwich ENG"]
[Date "2005.11.06"]
[Round "2.6"]
[White "Khanna, Perry"]
[Black "Wragg, Norman"]
[Result "1-0"]
[WhiteElo "1854"]
[BlackElo "1845"]
[PlyCount "117"]
[EventDate "2005.11.06"]
[SourceDate "2005.10.25"]

1. e4 e5 2. Nf3 Nc6 3. Bc4 Bc5 4. d3 Nf6 5. Nc3 h6 6. Be3 d6 7. Bxc5 dxc5 8.
Bb5 Qd6 9. Bxc6+ bxc6 10. Nd2 O-O 11. O-O Ba6 12. Qe2 Rad8 13. Kh1 Qe7 14. Rae1
Rfe8 15. Nd1 Qe6 16. Ne3 Bc8 17. Ndc4 Nd7 18. f4 exf4 19. Rxf4 Ne5 20. Ref1 Rf8
21. Qf2 Nxc4 22. Nxc4 Qe7 23. Qg3 Be6 24. Ne5 Qd6 25. Ng4 Bxg4 26. Qxg4 Qd7 27.
Qh5 Qe7 28. Rg4 Qe6 29. Rg3 c4 30. h3 cxd3 31. cxd3 Kh7 32. Qf5+ Qxf5 33. Rxf5
Rd4 34. Ra5 Rfd8 35. Rxa7 Rxd3 36. Rxd3 Rxd3 37. Rxc7 Rd2 38. Rb7 Re2 39. Kg1
Rxe4 40. Rxf7 Re2 41. Rb7 Kg6 42. a4 c5 43. a5 Re1+ 44. Kf2 Ra1 45. Rb6+ Kf7
46. a6 c4 47. Ke3 Ra4 48. Rb7+ Kg6 49. a7 h5 50. Kd4 Kf6 51. Kc5 c3 52. bxc3
Ra3 53. c4 Ra2 54. Kb6 Rb2+ 55. Kc6 Ra2 56. c5 g5 57. Kc7 Ke6 58. Rb6+ Kd5 59.
Kb8 1-0

[Event "4NCL/Div4/WWKS2 vs. CONQ"]
[Site "West Bromwich ENG"]
[Date "2005.11.06"]
[Round "2.1"]
[White "McCumiskey, Andrew"]
[Black "Osborne, Marcus E"]
[Result "0-1"]
[WhiteElo "2125"]
[BlackElo "2230"]
[PlyCount "64"]
[EventDate "2005.11.06"]
[SourceDate "2005.10.25"]

1. d4 Nf6 2. Bg5 e6 3. e4 c5 4. e5 h6 5. Bc1 Nd5 6. c4 Nb4 7. d5 d6 8. a3 N4a6
9. exd6 Bxd6 10. Nc3 Nc7 11. Nf3 exd5 12. cxd5 O-O 13. Be2 b5 14. O-O b4 15.
Nb5 Nxd5 16. Bc4 Bb7 17. Kh1 Be7 18. axb4 cxb4 19. Rxa7 Rxa7 20. Nxa7 Qa5 21.
Nb5 Nb6 22. Bd3 Rd8 23. Qe2 Bf6 24. Re1 Bc6 25. Nfd4 Bxb5 26. Nxb5 N8d7 27.
Qe8+ Rxe8 28. Rxe8+ Nf8 29. Bd2 Qa1+ 30. Re1 Qxb2 31. Be3 Nd5 32. Bc5 Qd2 0-1

[Event "4NCL/Div4/WWKS2 vs. CONQ"]
[Site "West Bromwich ENG"]
[Date "2005.11.06"]
[Round "2.2"]
[White "Prizant, Michael"]
[Black "Hunt, Malcolm A"]
[Result "1/2-1/2"]
[WhiteElo "2135"]
[BlackElo "2105"]
[PlyCount "72"]
[EventDate "2005.11.06"]
[SourceDate "2005.10.25"]

1. e4 e5 2. Nf3 Nc6 3. d4 exd4 4. Nxd4 Nf6 5. Nxc6 bxc6 6. e5 Qe7 7. Qe2 Nd5 8.
c4 Nb6 9. Nc3 a5 10. b3 a4 11. Rb1 g6 12. Ne4 Bg7 13. Nf6+ Bxf6 14. exf6 Qxe2+
15. Bxe2 axb3 16. axb3 Ra2 17. Rb2 Rxb2 18. Bxb2 c5 19. Bf3 d6 20. Kd2 Kd8 21.
g4 Be6 22. h4 Kd7 23. h5 Rb8 24. hxg6 hxg6 25. Bc3 c6 26. Ra1 Ra8 27. Rxa8 Nxa8
28. Be2 d5 29. cxd5 cxd5 30. Be5 Kc6 31. Kc2 Nb6 32. f3 Nd7 33. Bb2 Kd6 34. f4
d4 35. g5 Bf5+ 36. Kd2 Be6 1/2-1/2

[Event "4NCL/Div4/WWKS2 vs. CONQ"]
[Site "West Bromwich ENG"]
[Date "2005.11.06"]
[Round "2.3"]
[White "Cooper, David M"]
[Black "Stockwell, Mark B"]
[Result "1/2-1/2"]
[WhiteElo "2080"]
[BlackElo "2210"]
[PlyCount "33"]
[EventDate "2005.11.06"]
[SourceDate "2005.10.25"]

1. e4 d5 2. exd5 Qxd5 3. Nc3 Qa5 4. Nf3 Nf6 5. Be2 Bf5 6. O-O e6 7. Nd4 Bg6 8.
Nb3 Qb6 9. d3 c6 10. Bf4 Nbd7 11. Bf3 Be7 12. Re1 O-O 13. h3 Rfe8 14. Ne4 e5
15. Nxf6+ Bxf6 16. Bd2 Qc7 17. Bc3 1/2-1/2

[Event "4NCL/Div4/WWKS2 vs. CONQ"]
[Site "West Bromwich ENG"]
[Date "2005.11.06"]
[Round "2.4"]
[White "Foster, James C"]
[Black "Malik, Dani"]
[Result "1/2-1/2"]
[WhiteElo "1950"]
[BlackElo "1955"]
[PlyCount "73"]
[EventDate "2005.11.06"]
[SourceDate "2005.10.25"]

1. e4 d5 2. exd5 Nf6 3. Nf3 Nxd5 4. c4 Nf6 5. d4 g6 6. Be2 Bg7 7. Bg5 Bg4 8.
Nc3 Nc6 9. d5 Bxf3 10. Bxf3 Ne5 11. Be2 O-O 12. f4 Ned7 13. O-O Nc5 14. Qc2 c6
15. Bf3 Qb6 16. Qf2 e6 17. dxc6 bxc6 18. Rad1 Rad8 19. b3 Qb4 20. Qc2 Qb6 21.
Kh1 Qc7 22. b4 Rxd1 23. Rxd1 Ncd7 24. Qd2 Rc8 25. c5 h6 26. Bh4 Nd5 27. Nxd5
exd5 28. Be7 Re8 29. Bd6 Qc8 30. Re1 Nf6 31. Be5 Qe6 32. Bc3 Qxe1+ 33. Qxe1
Rxe1+ 34. Bxe1 Ne4 35. g4 Bc3 36. Bxe4 Bxe1 37. Bxd5 1/2-1/2

[Event "4NCL/Div4/WWKS2 vs. CONQ"]
[Site "West Bromwich ENG"]
[Date "2005.11.06"]
[Round "2.5"]
[White "Birch, Harvey"]
[Black "Ryan, Raymond"]
[Result "1-0"]
[WhiteElo "1755"]
[BlackElo "1650"]
[PlyCount "65"]
[EventDate "2005.11.06"]
[SourceDate "2005.10.25"]

1. c4 Nf6 2. g3 d5 3. cxd5 Qxd5 4. Nf3 e5 5. Bg2 Bc5 6. O-O b6 7. Ng5 e4 8. d3
Bf5 9. Nc3 Qd7 10. Ngxe4 Nxe4 11. Nxe4 Bxe4 12. Bxe4 Nc6 13. a3 O-O 14. Rb1
Rad8 15. b4 Bd6 16. Bb2 Rfe8 17. Qb3 Kh8 18. Qc3 Be5 19. Qxc6 Qxc6 20. Bxc6 Re6
21. Bxe5 Rxc6 22. Rbc1 Re6 23. Bxc7 Rde8 24. Rfe1 g6 25. Bf4 Rxe2 26. Be3 Rxe1+
27. Rxe1 Kg8 28. Kg2 f5 29. Rc1 Rd8 30. Rc7 a5 31. Bxb6 axb4 32. axb4 Rxd3 33.
Bc5 1-0

[Event "4NCL/Div4/WWKS2 vs. CONQ"]
[Site "West Bromwich ENG"]
[Date "2005.11.06"]
[Round "2.6"]
[White "Auckland, Elliot"]
[Black "Birch, Fay"]
[Result "1-0"]
[WhiteElo "1670"]
[BlackElo "1670"]
[PlyCount "149"]
[EventDate "2005.11.06"]
[SourceDate "2005.10.25"]

1. e4 c5 2. c3 d5 3. f3 Nf6 4. e5 Nfd7 5. d4 e6 6. f4 f6 7. Bd3 f5 8. Nf3 Nb6
9. O-O Be7 10. Be3 N8d7 11. Bb5 O-O 12. b3 a6 13. Be2 Rb8 14. Nfd2 Qc7 15. Rf3
Re8 16. Rg3 Nf8 17. Bh5 Rd8 18. Rh3 Na8 19. Qf3 cxd4 20. Bxd4 b5 21. Qg3 b4 22.
Be2 Qd7 23. Nf3 a5 24. Ng5 Bxg5 25. Qxg5 Qc7 26. Nd2 Bb7 27. Rg3 Rd7 28. Bb5
Bc6 29. Bxc6 Qxc6 30. h4 bxc3 31. Rxc3 Qb7 32. Rac1 Rf7 33. Nf3 Nc7 34. Bc5 Nb5
35. R3c2 Nd7 36. Bf2 Nf8 37. Rc6 Na7 38. R6c5 Nb5 39. Rc6 Na7 40. Rb6 Qa8 41.
Ra6 Rb5 42. Nd4 Rbb7 43. Nxe6 Nxe6 44. Rxe6 Nb5 45. Rec6 Rbc7 46. Rxc7 Nxc7 47.
Qg3 Qa6 48. Qe3 Qb5 49. Rc5 Qb4 50. Be1 d4 51. Bxb4 dxe3 52. Bxa5 Ne6 53. Rc8+
Rf8 54. Rxf8+ Kxf8 55. g3 Nd4 56. Kf1 Ke7 57. Bb6 e2+ 58. Kf2 Nb5 59. Kxe2 Nc3+
60. Kd3 Nxa2 61. Kc4 Kd7 62. b4 Kc6 63. Bf2 Nxb4 64. Kxb4 Kd5 65. Kb5 g6 66.
Kb6 h6 67. Kc7 Ke6 68. Bd4 h5 69. Kd8 Kf7 70. Kd7 Kf8 71. e6 Kg8 72. e7 Kh7 73.
e8=Q g5 74. Qh8+ Kg6 75. Qg7# 1-0

[Event "4NCL/Div4/SXM vs. PONTY"]
[Site "West Bromwich ENG"]
[Date "2005.11.06"]
[Round "2.1"]
[White "Prescott, Adam P"]
[Black "Adams, Mark A"]
[Result "1/2-1/2"]
[WhiteElo "2060"]
[BlackElo "2079"]
[PlyCount "48"]
[EventDate "2005.11.06"]
[SourceDate "2005.10.25"]

1. e4 c5 2. Nc3 Nc6 3. g3 g6 4. Bg2 Bg7 5. d3 d6 6. Be3 Nf6 7. h3 O-O 8. Qd2
Nd4 9. Nce2 e5 10. c3 Nc6 11. f4 b6 12. f5 d5 13. g4 d4 14. Bg5 Qd6 15. Bxf6
Bxf6 16. g5 Bd8 17. f6 Bc7 18. c4 a6 19. Nf3 Be6 20. O-O Ra7 21. a3 Rb8 22. b3
b5 23. Rfb1 Rab7 24. Qc2 Bb6 1/2-1/2

[Event "4NCL/Div4/SXM vs. PONTY"]
[Site "West Bromwich ENG"]
[Date "2005.11.06"]
[Round "2.2"]
[White "Taylor, Robert G"]
[Black "Fraser, Joe P"]
[Result "0-1"]
[WhiteElo "2002"]
[BlackElo "2065"]
[PlyCount "116"]
[EventDate "2005.11.06"]
[SourceDate "2005.10.25"]

1. e4 c5 2. Nf3 Nc6 3. d4 cxd4 4. Nxd4 Nf6 5. Nc3 e5 6. Ndb5 d6 7. a4 Be6 8.
Bg5 Be7 9. Be2 a6 10. Na3 Nd4 11. O-O Nxe4 12. Nxe4 Bxg5 13. Bc4 d5 14. c3 dxe4
15. cxd4 Bxc4 16. Nxc4 exd4 17. Qg4 O-O 18. Qxe4 b5 19. axb5 axb5 20. Na3 Qb6
21. Qf5 Bf6 22. Nxb5 Rab8 23. Na3 Qxb2 24. Nc4 Qb5 25. Qxb5 Rxb5 26. Rad1 Rd8
27. Rfe1 Kf8 28. Rd3 Rc5 29. Nb2 Rc3 30. g3 Rb8 31. Rd2 Rbb3 32. Red1 g5 33.
Nd3 h5 34. Nc1 Rb1 35. Ne2 Rxd1+ 36. Rxd1 Rc5 37. Kg2 Rd5 38. Rd3 Ke7 39. Nc3
Rf5 40. Ne4 Be5 41. h3 g4 42. hxg4 hxg4 43. Nd2 Ke6 44. f3 gxf3+ 45. Nxf3 Kd5
46. Nd2 Rf6 47. Ra3 Rc6 48. Ra5+ Ke6 49. Nf3 Rc2+ 50. Kh3 f6 51. Ra3 Rc3 52.
Rxc3 dxc3 53. Ne1 Kf5 54. g4+ Kf4 55. Nc2 Ke4 56. Kg2 Bf4 57. Nb4 Ke3 58. Nd5+
Kd2 0-1

[Event "4NCL/Div4/SXM vs. PONTY"]
[Site "West Bromwich ENG"]
[Date "2005.11.06"]
[Round "2.3"]
[White "Tucker, Andrew L"]
[Black "Robinson, David"]
[Result "1/2-1/2"]
[WhiteElo "1980"]
[BlackElo "2024"]
[PlyCount "77"]
[EventDate "2005.11.06"]
[SourceDate "2005.10.25"]

1. d4 Nf6 2. Bg5 d6 3. Bxf6 exf6 4. e3 g6 5. Bd3 Bg7 6. Ne2 f5 7. Nf4 Nd7 8.
Nd2 Nf6 9. h4 Bd7 10. c3 Qe7 11. Qf3 Bc6 12. Qe2 O-O-O 13. a4 d5 14. a5 Ne4 15.
Nxe4 fxe4 16. Bb5 Qd7 17. c4 dxc4 18. Bxc4 Qe7 19. Qd2 Bh6 20. Ne2 f5 21. g3
Bd5 22. Qc3 Rd6 23. Bxd5 Rxd5 24. Qc4 Rd6 25. b4 Qe6 26. Qxe6+ Rxe6 27. Nf4 Rd6
28. Ke2 Kb8 29. Rhc1 Rhd8 30. Rc4 Bxf4 31. gxf4 Rd5 32. Rac1 c6 33. Rc5 Rxc5
34. bxc5 Kc7 35. Rb1 Rb8 36. Kd2 Rg8 37. Ke2 Re8 38. Kd2 Rd8 39. Ke2 1/2-1/2

[Event "4NCL/Div4/SXM vs. PONTY"]
[Site "West Bromwich ENG"]
[Date "2005.11.06"]
[Round "2.4"]
[White "White, Ian G"]
[Black "Richardson, Joe M"]
[Result "0-1"]
[WhiteElo "2029"]
[BlackElo "1950"]
[PlyCount "32"]
[EventDate "2005.11.06"]
[SourceDate "2005.10.25"]

1. e4 e5 2. Bc4 Nc6 3. Nf3 Bc5 4. d3 d6 5. O-O Bg4 6. c3 Qd7 7. b4 Bb6 8. Be3
Nf6 9. Bb3 Ne7 10. Nbd2 Ng6 11. Qe1 Nh5 12. d4 Nhf4 13. dxe5 Bxf3 14. Bxf4 Bxg2
15. Kxg2 Nxf4+ 16. Kh1 Qh3 0-1

[Event "4NCL/Div4/SXM vs. PONTY"]
[Site "West Bromwich ENG"]
[Date "2005.11.06"]
[Round "2.5"]
[White "Bayliss, Lyall C P"]
[Black "James, Dai"]
[Result "1-0"]
[WhiteElo "1925"]
[BlackElo "1933"]
[PlyCount "31"]
[EventDate "2005.11.06"]
[SourceDate "2005.10.25"]

1. e4 e6 2. d4 d5 3. e5 c5 4. c3 Nc6 5. Nf3 Qb6 6. Be2 Nh6 7. Bxh6 Qxb2 8. Be3
Qxa1 9. Qc2 cxd4 10. Nxd4 Nb4 11. Bb5+ Kd8 12. cxb4 Bxb4+ 13. Ke2 a6 14. Ba4 b5
15. Nc6+ Kd7 16. Bd4 1-0

[Event "4NCL/Div4/SXM vs. PONTY"]
[Site "West Bromwich ENG"]
[Date "2005.11.06"]
[Round "2.6"]
[White "Davies, Peter L"]
[Black "Fraser, Nicholas"]
[Result "1-0"]
[WhiteElo "1929"]
[BlackElo "1590"]
[PlyCount "49"]
[EventDate "2005.11.06"]
[SourceDate "2005.10.25"]

1. c4 e5 2. Nc3 Nf6 3. g3 d6 4. Bg2 Nc6 5. d3 Be6 6. Nf3 d5 7. cxd5 Nxd5 8. Ng5
Bb4 9. O-O Nxc3 10. bxc3 Bxc3 11. Nxe6 fxe6 12. Rb1 Na5 13. e3 Qd6 14. Qc2 Bb4
15. Qa4+ Nc6 16. Bxc6+ Qxc6 17. Qxc6+ bxc6 18. Rxb4 O-O 19. Bb2 Rfd8 20. Bxe5
Rxd3 21. Rc1 Rf8 22. Rxc6 Rf5 23. Rb8+ Kf7 24. Rxc7+ Kg6 25. Rxg7+ 1-0

[Event "4NCL/Div4/CELT vs. FCA2"]
[Site "West Bromwich ENG"]
[Date "2005.11.06"]
[Round "2.1"]
[White "Young, Alan"]
[Black "Fraser-Mitchell, Jeremy"]
[Result "1-0"]
[WhiteElo "2034"]
[BlackElo "2120"]
[PlyCount "59"]
[EventDate "2005.11.06"]
[SourceDate "2005.10.25"]

1. e4 e6 2. Nf3 a6 3. d4 b5 4. Bd3 c5 5. c3 Bb7 6. O-O Nf6 7. Re1 Nc6 8. Bg5
Qb6 9. d5 Na5 10. dxe6 dxe6 11. Nbd2 c4 12. Bc2 Bc5 13. Qe2 h6 14. Bh4 Nc6 15.
e5 Nd5 16. Ne4 g5 17. Bg3 O-O-O 18. Nd6+ Bxd6 19. exd6 Rhg8 20. Rad1 h5 21.
Rxd5 exd5 22. d7+ Rxd7 23. Bf5 Kd8 24. Bxd7 Kxd7 25. Ne5+ Kc8 26. Nxf7 Nd8 27.
Nd6+ Kd7 28. Qe7+ Kc6 29. Nxb7 Qxb7 30. Qd6# 1-0

[Event "4NCL/Div4/CELT vs. FCA2"]
[Site "West Bromwich ENG"]
[Date "2005.11.06"]
[Round "2.2"]
[White "Kendall, Paul S N"]
[Black "Spencer, Douglas"]
[Result "1/2-1/2"]
[WhiteElo "2075"]
[BlackElo "1902"]
[PlyCount "49"]
[EventDate "2005.11.06"]
[SourceDate "2005.10.25"]

1. e4 g6 2. d4 Bg7 3. f4 c6 4. Nf3 d5 5. e5 h5 6. Bd3 Nh6 7. Nbd2 Bf5 8. Nf1 e6
9. Be3 Qa5+ 10. c3 Bxd3 11. Qxd3 Nf5 12. Kf2 Bf8 13. N1d2 c5 14. Nb3 Qa6 15.
Qxa6 Nxa6 16. dxc5 Nxe3 17. Kxe3 Nxc5 18. Nbd4 Be7 19. Nb5 Kd7 20. Rac1 a6 21.
Nbd4 b5 22. b3 Rhc8 23. Rhd1 Nb7 24. Nd2 Na5 25. Kd3 1/2-1/2

[Event "4NCL/Div4/CELT vs. FCA2"]
[Site "West Bromwich ENG"]
[Date "2005.11.06"]
[Round "2.3"]
[White "Evans, Craig"]
[Black "Majer, Chris E"]
[Result "1/2-1/2"]
[WhiteElo "1954"]
[BlackElo "2075"]
[PlyCount "51"]
[EventDate "2005.11.06"]
[SourceDate "2005.10.25"]

1. e4 d5 2. Nf3 Bg4 3. h3 Bh5 4. exd5 Qxd5 5. Nc3 Qe6+ 6. Qe2 Qxe2+ 7. Bxe2 c6
8. O-O Nf6 9. Ne5 Bxe2 10. Nxe2 Nbd7 11. Nxd7 Nxd7 12. d4 e6 13. Re1 Be7 14. c4
Nb6 15. b3 O-O 16. Be3 Rfd8 17. Red1 Bf6 18. Rd3 Rd7 19. Rad1 Rad8 20. Nc3 g6
21. Ne4 Be7 22. Kf1 Kg7 23. Ke2 Nc8 24. Bf4 f6 25. g4 Kf7 26. f3 1/2-1/2

[Event "4NCL/Div4/CELT vs. FCA2"]
[Site "West Bromwich ENG"]
[Date "2005.11.06"]
[Round "2.4"]
[White "Valentine, Brian J"]
[Black "Tew, Paul"]
[Result "1-0"]
[WhiteElo "1990"]
[BlackElo "1890"]
[PlyCount "75"]
[EventDate "2005.11.06"]
[SourceDate "2005.10.25"]

1. e4 e5 2. Nc3 Nf6 3. f4 d5 4. fxe5 Nxe4 5. d3 Nxc3 6. bxc3 d4 7. Nf3 dxc3 8.
d4 Be7 9. Bc4 O-O 10. O-O Bg4 11. Be3 Nd7 12. Bd5 c6 13. Be4 Qa5 14. Qe1 f5 15.
Qg3 fxe4 16. Qxg4 Qd5 17. Bh6 Qf7 18. Nh4 Nxe5 19. Rxf7 Nxg4 20. Rxg7+ Kh8 21.
Rxg4 Rg8 22. Rxe4 Bxh4 23. Rxh4 Rad8 24. Re1 Rd7 25. Re3 c5 26. Rxc3 cxd4 27.
Rc4 d3 28. cxd3 Rxd3 29. Rc7 Rd1+ 30. Kf2 Rb1 31. Be3 Rb2+ 32. Kf3 Rf8+ 33. Kg3
Rg8+ 34. Kh3 Rd8 35. Rhxh7+ Kg8 36. Rcg7+ Kf8 37. Bc5+ Ke8 38. Rh8# 1-0

[Event "4NCL/Div4/CELT vs. FCA2"]
[Site "West Bromwich ENG"]
[Date "2005.11.06"]
[Round "2.5"]
[White "Kitchen, Peter J"]
[Black "Matthews, Adrian"]
[Result "0-1"]
[WhiteElo "1716"]
[BlackElo "1995"]
[PlyCount "64"]
[EventDate "2005.11.06"]
[SourceDate "2005.10.25"]

1. e4 c5 2. Nf3 Nc6 3. d4 cxd4 4. Nxd4 Nf6 5. Nc3 e5 6. Nb3 Bb4 7. f3 d5 8.
exd5 Nxd5 9. Bd2 Nxc3 10. bxc3 Bd6 11. Bd3 Qh4+ 12. g3 Qe7 13. Qe2 O-O 14.
O-O-O Ba3+ 15. Kb1 a5 16. Qe4 f5 17. Qa4 Bd6 18. Rde1 Bd7 19. Bb5 Nb8 20. Bxd7
Nxd7 21. Qc4+ Kh8 22. Nd4 Rac8 23. Qe6 Qxe6 24. Nxe6 Rf6 25. Ng5 h6 26. Nh3 Bc5
27. Be3 Rfc6 28. Kb2 Nb6 29. Bd2 Nc4+ 30. Kc1 Ba3+ 31. Kd1 Rd8 32. Re2 Rcd6 0-1

[Event "4NCL/Div4/CELT vs. FCA2"]
[Site "West Bromwich ENG"]
[Date "2005.11.06"]
[Round "2.6"]
[White "Keane, Richard"]
[Black "Larter, Nick"]
[Result "0-1"]
[WhiteElo "1745"]
[BlackElo "1750"]
[PlyCount "66"]
[EventDate "2005.11.06"]
[SourceDate "2005.10.25"]

1. d4 e6 2. e4 d5 3. exd5 exd5 4. Be3 Nf6 5. h3 Bd6 6. Nf3 O-O 7. a3 Ne4 8. c4
c6 9. Bd3 f5 10. cxd5 Qa5+ 11. Bd2 Nxd2 12. Nbxd2 Re8+ 13. Kf1 cxd5 14. Qc2 Bf4
15. g4 Bxd2 16. Nxd2 Nc6 17. Nf3 Bd7 18. Bxf5 Bxf5 19. gxf5 Re4 20. Rg1 Qb5+
21. Kg2 Rf8 22. Rae1 Rf4 23. Re3 R4xf5 24. Qc3 Qb6 25. Rd1 Na5 26. b3 Qg6+ 27.
Kf1 Nc6 28. Rd2 Qh5 29. Ne5 Qh4 30. Rg3 Nxd4 31. Rxd4 Rxf2+ 32. Ke1 Rf1+ 33.
Kd2 R8f2+ 0-1

[Event "4NCL/Div4/OXF3 vs. NOTT2"]
[Site "West Bromwich ENG"]
[Date "2005.11.06"]
[Round "2.1"]
[White "Harrison, Pete R"]
[Black "Levens, David"]
[Result "0-1"]
[WhiteElo "1915"]
[BlackElo "2025"]
[PlyCount "24"]
[EventDate "2005.11.06"]
[SourceDate "2005.10.25"]

1. d4 d5 2. Nf3 Nf6 3. e3 g6 4. Bd3 Bg7 5. Nbd2 c5 6. c3 Nc6 7. O-O cxd4 8.
exd4 O-O 9. Qe2 Nh5 10. g3 Bg4 11. Kg2 Qd7 12. Rh1 Nf4+ 0-1

[Event "4NCL/Div4/OXF3 vs. NOTT2"]
[Site "West Bromwich ENG"]
[Date "2005.11.06"]
[Round "2.2"]
[White "Webster, Richard J"]
[Black "Smith, Jonathan"]
[Result "1-0"]
[WhiteElo "2020"]
[BlackElo "1935"]
[PlyCount "89"]
[EventDate "2005.11.06"]
[SourceDate "2005.10.25"]

1. c4 Nf6 2. g3 e6 3. Bg2 d5 4. Nf3 Be7 5. b3 Nc6 6. O-O d4 7. d3 O-O 8. Bb2 e5
9. h3 Nh5 10. Kh2 f5 11. e3 Nf6 12. Na3 dxe3 13. fxe3 Bd6 14. Nb5 Qe7 15. Nxd6
cxd6 16. Nd2 Be6 17. d4 Bd7 18. a3 e4 19. Rc1 g6 20. Nb1 Nh5 21. Nc3 Qg5 22.
Qe1 Na5 23. g4 Nf6 24. gxf5 Bxf5 25. Nb5 Nxb3 26. Rc3 Na5 27. Nxd6 b6 28. Nxf5
gxf5 29. Rg1 Qh6 30. Bf1+ Kf7 31. Qg3 Rac8 32. Qg5 Qg6 33. Qh4 Qh5 34. Qxh5+
Nxh5 35. Be2 Ng7 36. Rcc1 Rg8 37. c5 Ne6 38. Rxg8 Kxg8 39. Bc3 Nb7 40. c6 Nd6
41. Bb4 Ne8 42. d5 a5 43. Rg1+ Kh8 44. Bc3+ N6g7 45. Be5 1-0

[Event "4NCL/Div4/OXF3 vs. NOTT2"]
[Site "West Bromwich ENG"]
[Date "2005.11.06"]
[Round "2.3"]
[White "Hadi, Justin"]
[Black "Thompson, Brian"]
[Result "0-1"]
[WhiteElo "1895"]
[BlackElo "2030"]
[PlyCount "80"]
[EventDate "2005.11.06"]
[SourceDate "2005.10.25"]

1. d4 Nf6 2. Bg5 g6 3. Bxf6 exf6 4. g3 f5 5. Bg2 d6 6. e3 Nd7 7. Ne2 Nf6 8. c4
c6 9. Nbc3 Bd7 10. Rb1 b5 11. cxb5 cxb5 12. O-O Rb8 13. Nf4 Bg7 14. Ncd5 O-O
15. Nxf6+ Bxf6 16. Qb3 Bg5 17. Nd5 Be6 18. h4 Bh6 19. a3 Bg7 20. Rfc1 f4 21.
Qd3 fxe3 22. Nxe3 Qb6 23. Rc6 Qxd4 24. Rxd6 Qxd3 25. Rxd3 Ba2 26. Rbd1 Bc4 27.
R3d2 Bb3 28. Rc1 Rfd8 29. Rxd8+ Rxd8 30. Rc7 Bd4 31. Rc1 Bxb2 32. Rb1 Rd2 33.
Nf1 Re2 34. Bf3 Ba2 35. Rd1 Rc2 36. Be4 Rc1 37. Rd2 Bc4 38. Rxb2 Rxf1+ 39. Kg2
Ra1 40. Bc6 a6 0-1

[Event "4NCL/Div4/OXF3 vs. NOTT2"]
[Site "West Bromwich ENG"]
[Date "2005.11.06"]
[Round "2.4"]
[White "Graham, Neil"]
[Black "Bull, Philip"]
[Result "1/2-1/2"]
[WhiteElo "1930"]
[BlackElo "1865"]
[PlyCount "46"]
[EventDate "2005.11.06"]
[SourceDate "2005.10.25"]

1. d4 d5 2. e4 dxe4 3. Nc3 Nf6 4. f3 exf3 5. Nxf3 Bg4 6. h3 Bxf3 7. Qxf3 c6 8.
Be3 e6 9. Bd3 Nd5 10. O-O Qc7 11. Nxd5 cxd5 12. Bf4 Qd7 13. a4 a6 14. Rf2 Nc6
15. c3 Nd8 16. Re1 Be7 17. Qg3 Bf6 18. Bh6 Qe7 19. Bxg7 Bh4 20. Qe5 Bxf2+ 21.
Kxf2 Nc6 22. Qf4 Kd7 23. Bf6 Qd6 1/2-1/2

[Event "4NCL/Div4/OXF3 vs. NOTT2"]
[Site "West Bromwich ENG"]
[Date "2005.11.06"]
[Round "2.5"]
[White "Henbest, Kevin B"]
[Black "Wright, Antony J"]
[Result "0-1"]
[WhiteElo "1855"]
[BlackElo "1920"]
[PlyCount "80"]
[EventDate "2005.11.06"]
[SourceDate "2005.10.25"]

1. e4 e6 2. d4 d5 3. Nc3 Nf6 4. e5 Nfd7 5. Nf3 c5 6. Bb5 a6 7. Bxd7+ Nxd7 8.
Qe2 cxd4 9. Nxd4 Qc7 10. f4 Bb4 11. Bd2 Nb6 12. a3 Bc5 13. Be3 Nc4 14. b4 Nxe3
15. Qxe3 Ba7 16. Qd3 Bd7 17. Kd2 Rc8 18. Rab1 Qb6 19. Nce2 Rc4 20. c3 O-O 21.
Rhf1 Rfc8 22. Rbc1 Qd8 23. Rf3 f5 24. exf6 Qxf6 25. g4 e5 26. fxe5 Qxe5 27. Re3
Qg5 28. h4 Qxh4 29. Re5 Bxg4 30. Rxd5 Qh6+ 31. Kc2 Bxd4 32. Rxd4 Bxe2 33. Rd8+
Rxd8 34. Qxd8+ Kf7 35. Qd7+ Kf6 36. Qd6+ Kf5 37. Qd5+ Kf4 38. Qd2+ Kf3 39. Qd5+
Kf2 40. Qf5+ Qf4 0-1

[Event "4NCL/Div4/OXF3 vs. NOTT2"]
[Site "West Bromwich ENG"]
[Date "2005.11.06"]
[Round "2.6"]
[White "Lakhani, Anjali"]
[Black "Zhang, Marco"]
[Result "0-1"]
[WhiteElo "1755"]
[BlackElo "1915"]
[PlyCount "52"]
[EventDate "2005.11.06"]
[SourceDate "2005.10.25"]

1. e4 c5 2. Nf3 Nc6 3. d4 cxd4 4. Nxd4 Nf6 5. Nc3 a6 6. Be2 e6 7. Bg5 Be7 8.
O-O O-O 9. Qd2 d5 10. exd5 Nxd5 11. Bxe7 Ndxe7 12. Rad1 Qc7 13. Nxc6 Nxc6 14.
Bf3 Rd8 15. Qg5 Nd4 16. Be4 f5 17. Bd3 Bd7 18. Rfe1 b5 19. Be4 Bc6 20. Bxc6
Qxc6 21. Qh4 Qb6 22. Re3 Rd6 23. Qf4 b4 24. Na4 Ne2+ 25. Kf1 Nxf4 26. Nxb6
Rxd1+ 0-1